000 00718nam a2200253Ia 4500
008
020 _a9780713688566 (pbk.)
049 _aMAIN
090 _aHD57.7
_bLEA
245 0 0 _aLead others effectively :
_bhow to motivate and inspire at work /
_cA &C Black.
260 _aLondon :
_bA & C Black,
_c2008.
300 _avii, 88 p. ;
_c18 cm.
490 1 _aSteps to success.
500 _aIncludes index.
650 0 _aLeadership
650 0 _aEmployee motivation
650 0 _aLeadership.
650 0 _aEmployee motivation.
907 _a.b10373305
_b03-06-16
_c26-05-16
003
005 20260128145042.0
040 _cNUST
942 _cBOOKS
_kHD57.7
_mLEA
_01
999 _c129647
_d129647